| 000 | 00641 a2200181 4500 | ||
|---|---|---|---|
| 010 | _aENG-141457 | ||
| 020 |
_a9789383241781 _c400.00 |
||
| 035 | _aEN-124989 | ||
| 037 | _bDBAD | ||
| 082 | 1 | 4 |
_a363 _2First |
| 100 |
_aT.S, Aravind _970576 |
||
| 245 | 1 |
_aBusiness Environment Entrepreneurship,Development / _cedited by Arvind .T.S |
|
| 260 |
_aBangalore _bArchers & Elevators Publishing House _c2014 |
||
| 270 |
_a131 AGB Lay out ,6th Cross ,Hesaraghatta Main Road _bBangalore _e560090 _marcherselevators@gmail.com |
||
| 300 |
_a223p.: _c20cm(Pb) |
||
| 700 | _970554 | ||
| 942 |
_adpl _cEN _2ddc _h363 _mDTS _eFirst |
||
| 999 |
_c205302 _d205302 |
||